| 000 | 01422cam a22002054a 4500 | ||
|---|---|---|---|
| 005 | 20250605164146.0 | ||
| 008 | 250528s ||||||||||||||||||||||||d | ||
| 035 | _a19192 | ||
| 020 | _a335223494 | ||
| 040 |
_aGR-AtMCL _bgre _dGR-AtMCL _eAACR2 |
||
| 245 | 1 | _aEarly Years Foundations Meeting the Challenge | |
| 250 | _a1st | ||
| 260 |
_bMcgraw Hill, _c2007 |
||
| 300 | _a300 | ||
| 520 | _aEarly Years Foundation Stage principles as its framework, the book supports early years professionals in dealing with a range of issues and challenges in a sensitive and professional manner, with particular emphasis upon the need for practitioners to personalize the requirements for each child in their care and to reflect closely upon their own and children's experiences. Introduction, Section one a Unique Child, Primary Communication: What can Adults Learn from Babies? Difference, Culture and Diversity: Challenges, Responsibilities and Opportunities, Section Two Positive Relationships, Working Together to Support Learning and Transition, Vision, Mission, Method: Challenges and Issues in Developing the Role of the Early Years Mentor Teacher, Section Three Enabling Environment, Children's Outdoor Experiences: a Sense of Adventure? Section Four Learning and Development, What does it Mean to be Creative? Appendix, Index. | ||
| 700 | 1 |
_aMoyles Janet R _9405 |
|
| 942 | _cBK | ||
| 999 |
_c4464 _d4464 |
||